000 00671nam a2200289Ia 4500
005 20260324145235.0
008 008 260324s9999 xx 000 0 eng d
020 _a9781315132761
037 _aEBOOK
040 _aCRL
040 _beng
040 _cCRL
041 _2eng
041 _aeng
084 _qCRL
100 _aCatherine Ross
_91222261
245 4 _aThe Iron Cage
245 0 _bHistorical Interpretation of Max Weber
260 _bTaylor and Francis
260 _c1984
365 _a
365 _b230
856 _uhttp://www.taylorfrancis.com/books/9781315132761
942 _cEBOOK
999 _c1829886
_d1829886